000 00527nam a22001817a 4500
999 _c8058
_d8058
003 OSt
005 20230118153419.0
008 230118b ||||| |||| 00| 0 eng d
020 _a0962786527
040 _cDDC
082 _aWB115M455 1996
100 _aPrakash, B.S. Udaya;
_916398
245 _aMayo Internal Medicine board review 1996-97
260 _aMinnesota,
_bMayo Foundation for Medical Education and Research.
_c1996.
300 _axiii,889p;
_bill,
_c28cm
504 _aincludes index and notes
942 _2z
_cO_SHELF